A Textbook of Electrical Technology -Volume - II Ac & Dc Mechanics in S.I.System of Units (Record no. 14705)
[ view plain ]
| 000 -LEADER | |
|---|---|
| fixed length control field | 00460nam a22001577a 4500 |
| 020 ## - INTERNATIONAL STANDARD BOOK NUMBER | |
| ISBN | 8121924375 |
| 082 ## - DEWEY DECIMAL CLASSIFICATION NUMBER | |
| Classification number | 621.301 |
| Item number | THE/TE |
| 100 ## - MAIN ENTRY--AUTHOR NAME | |
| Personal name | Theraja B.L. |
| 100 ## - MAIN ENTRY--AUTHOR NAME | |
| Personal name | Theraja A.K. |
| 245 ## - TITLE STATEMENT | |
| Title | A Textbook of Electrical Technology -Volume - II Ac & Dc Mechanics in S.I.System of Units |
| 250 ## - EDITION STATEMENT | |
| Edition statement | 23 revised |
| 260 ## - PUBLICATION, DISTRIBUTION, ETC. (IMPRINT) | |
| Place of publication | New Delhi |
| Name of publisher | S. Chand & Companny Pvt. Ltd |
| Year of publication | 2013 |
| 300 ## - PHYSICAL DESCRIPTION | |
| Number of Pages | 1568 |
| 500 ## - GENERAL NOTE | |
| General note | First Multicolour Edition |
| 942 ## - ADDED ENTRY ELEMENTS (KOHA) | |
| Koha item type | Book Bank scheme for SC students |
| Withdrawn status | Lost status | Damaged status | Home library | Current library | Shelving location | Date acquired | Source of acquisition | Cost, normal purchase price | Full call number | Accession Number | Koha item type |
|---|---|---|---|---|---|---|---|---|---|---|---|
| KAUAET | KAUAET | Scheme | 19/08/2016 | Penta Books Distributors, Calicut. | 550.00 | 621.301 THE/TE | BB 398 | Book Bank scheme for SC students | |||
| KAUAET | KAUAET | Scheme | 23/08/2016 | Aman Book Stall, Calicut. | 550.00 | 621.301 THE/TE | BB 318 | Book Bank scheme for SC students | |||
| KAUAET | KAUAET | Scheme | 23/08/2016 | Aman Book Stall, Calicut. | 550.00 | 621.301 THE/TE | BB 319 | Book Bank scheme for SC students | |||
| KAUAET | KAUAET | Scheme | 23/08/2016 | Aman Book Stall, Calicut. | 550.00 | 621.301 THE/TE | BB 320 | Book Bank scheme for SC students | |||
| KAUAET | KAUAET | Scheme | 23/08/2016 | Aman Book Stall, Calicut. | 550.00 | 621.301 THE/TE | BB 321 | Book Bank scheme for SC students | |||
| KAUAET | KAUAET | Scheme | 23/08/2016 | Aman Book Stall, Calicut. | 550.00 | 621.301 THE/TE | BB 322 | Book Bank scheme for SC students | |||
| KAUAET | KAUAET | Scheme | 26/08/2016 | Cosmo Books, Calicut. | 495.00 | 621.301 THE/TE | BB 244 | Book Bank scheme for SC students | |||
| KAUAET | KAUAET | Scheme | 01/09/2016 | T B S Publishers and Distributors, Calicut. | 375.00 | 621.301 THE/TE | BB137 | Book Bank scheme for SC students | |||
| KAUAET | KAUAET | Scheme | 03/09/2016 | Cosmo Books, Kozhikkode. | 325.00 | 621.301 THE/TE | BB 72 | Book Bank scheme for SC students | |||
| KAUAET | KAUAET | Scheme | 03/09/2016 | Cosmo Books, Kozhikkode. | 325.00 | 621.301 THE/TE | BB 73 | Book Bank scheme for SC students |
